Syzygy / (Record no. 200468168)

MARC details
000 -LEADER
fixed length control field 00880cam a2200325 c 4500
001 - CONTROL NUMBER
control field 200468168
003 - CONTROL NUMBER IDENTIFIER
control field TR-AnTOB
005 - DATE AND TIME OF LATEST TRANSACTION
control field 20260417110643.0
007 - PHYSICAL DESCRIPTION FIXED FIELD--GENERAL INFORMATION
fixed length control field ta
008 - FIXED-LENGTH DATA ELEMENTS--GENERAL INFORMATION
fixed length control field 770722s1973 nyu 000 1 eng d
010 ## - LIBRARY OF CONGRESS CONTROL NUMBER
LC control number 2007583903
020 ## - INTERNATIONAL STANDARD BOOK NUMBER
International Standard Book Number 0099110202
035 ## - SYSTEM CONTROL NUMBER
System control number 15049002
System control number (OCoLC)3134846
040 ## - CATALOGING SOURCE
Original cataloging agency TEU
Language of cataloging eng
Description conventions rda
Transcribing agency TEU
Modifying agency NLC
-- BGU
-- DLC
-- TR-AnTOB
041 0# - LANGUAGE CODE
Language code of text/sound track or separate title İngilizce
042 ## - AUTHENTICATION CODE
Authentication code lccopycat
050 14 - LIBRARY OF CONGRESS CALL NUMBER
Classification number PN6071.S33
Item number C66 1975
090 ## - LOCALLY ASSIGNED LC-TYPE CALL NUMBER (OCLC); LOCAL CALL NUMBER (RLIN)
Classification number (OCLC) (R) ; Classification number, CALL (RLIN) (NR) PN6071.S33
Local cutter number (OCLC) ; Book number/undivided call number, CALL (RLIN) C66 1975
100 1# - MAIN ENTRY--PERSONAL NAME
Personal name Coney, Michael
Relator term author
9 (RLIN) 153756
245 10 - TITLE STATEMENT
Title Syzygy /
Statement of responsibility, etc. Michael G. Coney.
264 #1 - PRODUCTION, PUBLICATION, DISTRIBUTION, MANUFACTURE, AND COPYRIGHT NOTICE
Place of production, publication, distribution, manufacture United Kingdom:
Name of producer, publisher, distributor, manufacturer Arrow Books,
Date of production, publication, distribution, manufacture, or copyright notice 1975.
300 ## - PHYSICAL DESCRIPTION
Extent 167 pages;
Dimensions 18 cm.
336 ## - CONTENT TYPE
Content type term text
Content type code txt
Source rdacontent
337 ## - MEDIA TYPE
Media type term unmediated
Media type code n
Source rdamedia
338 ## - CARRIER TYPE
Carrier type term volume
Carrier type code nc
Source rdacarrier
650 #0 - SUBJECT ADDED ENTRY--TOPICAL TERM
Topical term or geographic name entry element Science fiction
9 (RLIN) 86843
942 ## - ADDED ENTRY ELEMENTS (KOHA)
Source of classification or shelving scheme Library of Congress Classification
Koha item type Book
Holdings
Withdrawn status Lost status Source of classification or shelving scheme Damaged status Not for loan Collection code Home library Current library Shelving location Date acquired Source of acquisition Total Checkouts Full call number Barcode Date last seen Copy number Date shelved Koha item type Public note
    Library of Congress Classification Kullanılmış / Used Ödünç Verilemez-Kurumiçi kullanım / Not for loan-For inhouse use Genel Koleksiyon Tıp Fakültesi Medikal Kütüphane Tıp Fakültesi Medikal Kütüphane Genel Koleksiyon / Main Collection 18/03/2026 Bağış / Donation   PN6071.S33 C66 1975 TıpFaK TF03154 17/04/2026 1 17/04/2026 Book Donated by Şükrü Cin
Devinim Yazılım Eğitim Danışmanlık tarafından Koha'nın orjinal sürümü uyarlanarak geliştirilip kurulmuştur.